المدخل إلى التربية الخاصة / (رقم التسجيلة. 16287)
[ عرض عادي ]
| 000 -LEADER | |
|---|---|
| fixed length control field | 00607nam a22001937a 4500 |
| 005 - DATE AND TIME OF LATEST TRANSACTION | |
| control field | 20251108164852.0 |
| 008 - FIXED-LENGTH DATA ELEMENTS--GENERAL INFORMATION | |
| fixed length control field | 250721s1997 xx 000 0 ara d |
| 082 14 - DEWEY DECIMAL CLASSIFICATION NUMBER | |
| Classification number | 371.9/خطي |
| 100 1# - MAIN ENTRY--PERSONAL NAME | |
| Personal name | الخطيب، جمال |
| Relator term | مؤلف |
| 245 10 - TITLE STATEMENT | |
| Title | المدخل إلى التربية الخاصة / |
| 264 1# - PRODUCTION, PUBLICATION, DISTRIBUTION, MANUFACTURE, AND COPYRIGHT NOTICE | |
| Place of production, publication, distribution, manufacture | العين : |
| Name of producer, publisher, distributor, manufacturer | مكتبة الفلاح للنشر والتوزيع، |
| Date of production, publication, distribution, manufacture, or copyright notice | 1997. |
| 300 ## - PHYSICAL DESCRIPTION | |
| Extent | 403ص. |
| 650 17 - SUBJECT ADDED ENTRY--TOPICAL TERM | |
| Topical term or geographic name as entry element | التعليم الخاص |
| 650 17 - SUBJECT ADDED ENTRY--TOPICAL TERM | |
| Topical term or geographic name as entry element | علم النفس التربوي |
| 650 17 - SUBJECT ADDED ENTRY--TOPICAL TERM | |
| Topical term or geographic name as entry element | المعوقون |
| 700 1# - ADDED ENTRY--PERSONAL NAME | |
| Personal name | الحديدي، منى |
| 942 ## - ADDED ENTRY ELEMENTS (KOHA) | |
| Source of classification or shelving scheme | Dewey Decimal Classification |
| Koha item type | كتب |
| حالة السحب | حالة الفقدان | مصدر التصنيف | حالة التلف | غير قابل للإعارة | المكتبة الرئيسية | المكتبة الحالية | موقع الرف | تاريخ التزويد | الرقم المتسلسل | Total Checkouts | رقم الإستدعاء | الباركود | تاريخ آخر ظهور | تاريخ الفاتورة | نوع المادة (كوها) |
|---|---|---|---|---|---|---|---|---|---|---|---|---|---|---|---|
| Withdrawn | Dewey Decimal Classification | المكتبة المركزية | المكتبة المركزية | الإعارة | 06/07/2004 | 256969 | 371.9/خطي | 256969 | 28/07/2025 | 06/07/2004 | كتب | ||||
| Dewey Decimal Classification | Unchecked | مكتبة الأميرة ايمان العامة | مكتبة الأميرة ايمان العامة | الإعارة | 06/07/2004 | 10398 | 371.9/خطي | 28/07/2025 | 06/07/2004 | كتب | |||||
| Dewey Decimal Classification | Unchecked | مكتبة الاميرة بديعة | مكتبة الاميرة بديعة | الإعارة | 06/07/2004 | 6297 | 371.9/خطي | 28/07/2025 | 06/07/2004 | كتب | |||||
| Dewey Decimal Classification | Unchecked | مكتبة الحسن العامة | مكتبة الحسن العامة | الإعارة | 06/07/2004 | 10778 | 371.9/خطي | 28/07/2025 | 06/07/2004 | كتب | |||||
| Dewey Decimal Classification | مكتبة النصر العامة | مكتبة النصر العامة | الإعارة | 21/04/2015 | [9040]00 | 371.9/خطي | PLD00320788 | 28/07/2025 | 21/04/2015 | كتب | |||||
| Dewey Decimal Classification | مكتبة حمزة العامة | مكتبة حمزة العامة | الإعارة | 18/10/2015 | [5905]... | 371.9/خطي | PLD00356707 | 28/07/2025 | 18/10/2015 | كتب | |||||
| Dewey Decimal Classification | مكتبة صويلح العامة | مكتبة صويلح العامة | الإعارة | 08/05/2019 | {13323} | 371.9/خطي | PLD00452588 | 28/07/2025 | 08/05/2019 | كتب | |||||
| Dewey Decimal Classification | مكتبة وادي السير العامة | مكتبة وادي السير العامة | الإعارة | 17/02/2016 | [7153] | 371.9/خطي | PLD00374854 | 28/07/2025 | 17/02/2016 | كتب |